[Event "Moscow op-A 19th"]
[Site "Moscow"]
[Date "2023.07.17"]
[Round "1"]
[White "Gusev, Boris An"]
[Black "Lintchevski, Daniil"]
[Result "1/2-1/2"]
[WhiteElo "1913"]
[BlackElo "2561"]
[PlyCount "133"]
[EventDate "2023.07.17"]
[EventType "swiss"]
[EventRounds "9"]
[EventCountry "RUS"]
[SourceTitle "CBM 215 Extra"]
[Source "ChessBase"]
[SourceDate "2023.09.30"]
[SourceVersion "1"]
[SourceVersionDate "2023.09.30"]
[SourceQuality "1"]

1. e4 c5 2. Nf3 e6 3. c3 d5 4. exd5 Qxd5 5. d4 Nf6 6. Be3 cxd4 7. cxd4 Nc6 8. Nc3 Qa5 9. Bd3 Be7 10. 0-0 0-0 11. a3 Bd7 12. Qe2 Rfd8 13. Rad1 Be8 14. Bb1 Qh5 15. Bc1 Bd6 16. Rfe1 Ne7 17. Ba2 Rac8 18. Bg5 Bc6 19. Bxf6 gxf6 20. Ne4 Kg7 21. h3 Bf4 22. Nc3 Kh8 23. Ne5 Qxe2 24. Nxf7+ Kg7 25. Nxe2 Kxf7 26. Nxf4 Bd5 27. Bxd5 Nxd5 28. Nxe6 Rd6 29. Nc5 b6 30. Nb3 Rc2 31. Rd2 Rdc6 32. Ree2 Rxd2 33. Rxd2 a5 34. Kh2 a4 35. Na1 Rc1 36. Nc2 Rb1 37. Ne3 Nxe3 38. fxe3 Re1 39. Rd3 Rb1 40. Rd2 Re1 41. Kg3 Rxe3+ 42. Kf4 Re1 43. Rc2 h5 44. Kf5 h4 45. Rc7+ Ke8 46. d5 Re2 47. Rc4 Rxb2 48. Rxh4 b5 49. Ke6 Re2+ 50. Kxf6 Rxg2 51. Ke6 Rg6+ 52. Ke5 Rg3 53. Ke6 Re3+ 54. Kd6 Rxa3 55. Kc5 Ra1 56. d6 a3 57. Rh8+ Kd7 58. Rh7+ Ke6 59. d7 Rd1 60. d8Q Rxd8 61. Ra7 Rd5+ 62. Kb4 Rh5 63. Rxa3 Kd6 64. Rc3 Rf5 65. h4 Rh5 66. Rc2 Rxh4+ 67. Kxb5 1/2-1/2